|
|
|
|
| LEADER |
00000nam a22000007a 4500 |
| 008 |
240807b |||||||| |||| 00| 0 eng d |
| 020 |
|
|
|a 9780367556785
|
| 245 |
|
|
|a CREATIVE learning in digital and virtual environments
|b : opportunities and challenges of technology-enabled learning and creativity
|c / edited by Vlad P Glaveanu, Ingunn Johanne Ness and Constance de Saint Laurent
|e (Routledge research in education)
|g ix, 186p;ill
|
| 250 |
|
|
|c Glaveanu, Vlad P.
|
| 250 |
|
|
|c Ness, Ingunn Joanne
|
| 260 |
|
|
|b Routledge
|c 2021
|h New York
|i 702161
|i 702162
|l LB1044.87.C86
|m Virtual reality in education
|m Education-Effect of technolog innovation on
|m Creative ability
|
| 500 |
|
|
|a it includes references and index
|
| 942 |
|
|
|a lcc
|c BK
|e Johnson
|f 07/07/24
|
| 952 |
|
|
|0 0
|1 0
|2 lcc
|4 0
|6 LB104487 C86
|7 0
|9 5432
|a ED
|b HOL
|c LP
|d 2024-08-07
|l 0
|o LB1044.87.C86
|p 2024-0673
|r 2024-08-07 00:00:00
|t 702161
|w 2024-08-07
|y BK
|
| 952 |
|
|
|0 0
|1 0
|2 lcc
|4 0
|6 LB104487 C86
|7 0
|9 5433
|a HOL
|b HOL
|c LP
|d 2024-08-07
|l 0
|o LB1044.87.C86
|p 2024-0674
|r 2024-08-07 00:00:00
|t 702162
|w 2024-08-07
|y BK
|
| 999 |
|
|
|c 2688
|d 2688
|